| 000 | 01344nam0a22003131 4500 | ||
|---|---|---|---|
| 001 | RU\INFOCOMM_322\5000056476 | ||
| 005 | 20250625202240.0 | ||
| 035 | _a(NLR Aleph) 011014739 | ||
| 090 |
_a11042680 _c11042680 |
||
| 100 | _a20121113d1966 |||y0rusy50 ca | ||
| 101 | 0 | _aeng | |
| 102 | _aRU | ||
| 105 | _ay z|||| | ||
| 200 | 1 |
_aAnalysis of cylindrical shells by the finite element method _fBy A. Hrennikoff, S. S. Tezcan _gUSSR. IASS ... Symposium on problems of interdependence of design and construction of large-span shells for industrial and civic buildings ... Leningrad, 6-9 Sept. 1966. Theme 1. Design of roof shells for industrial and civic buildings |
|
| 210 |
_a[М.] _d1966 |
||
| 215 |
_a20 с. _cчерт. _d21 см |
||
| 309 | _aОтпеч. множит. аппаратом | ||
| 320 | _aБиблиогр.: с. 18-19 | ||
| 606 | 0 |
_aЦилиндрические оболочки _xРасчет _92084257 _3RU\NLR\AUTH\661260340 |
|
| 620 | _aМосква | ||
| 686 |
_aМх-76 _2rubbk |
||
| 700 | 1 |
_aHrennikoff _bA. |
|
| 701 | 1 |
_aTezcan _bS. S. |
|
| 712 | 1 | 2 |
_aSymposium on problems of interdependence of design and construction of large-span shells for industrial and civic buildings _eLeningrad _f1966 _4570 |
| 801 | 1 |
_aRU _bInfoComm _c20121113 |
|
| 801 | 0 |
_aRU _bNLR _gPSBO |
|
| 852 |
_aNLR _jМх01 Г-4/24 |
||
| 942 | _cBOOK | ||
| 980 | _aNB | ||